| 000 | 01756nam a2200541 i 4500 | ||
|---|---|---|---|
| 001 | 45858 | ||
| 003 | KOSZ 005 | ||
| 005 | 20230105113131.0 | ||
| 008 | 990326s1999 pl a |000 0 pol | ||
| 015 | _aUWD 1999/4507 | ||
| 020 | _a8302033405 | ||
| 020 | _a830205478X | ||
| 035 | _a991009149489705066 | ||
| 035 | _a(PL-WaBN)b12482985-48omnis_nlop | ||
| 035 | _ab12482985 | ||
| 035 | _a(OCoLC)749988320 | ||
| 035 | _a(PL)b0000001248298 | ||
| 035 | _a(EXLNZ-48OMNIS_NETWORK)9910073147305606 | ||
| 040 |
_aWA N _cWA N _dKOSZ 005/HR |
||
| 041 | 0 | _apol | |
| 046 | _k1999 | ||
| 080 | _a664.017 | ||
| 080 | _a66.017 | ||
| 080 | _a641.5 | ||
| 080 | _a(075.3) | ||
| 100 | 1 |
_aKopta, Antonina _eAutor |
|
| 245 | 1 | 0 |
_aTechnologia gastronomiczna z towaroznawstwem : _bpodręcznik dla sz. _nCz. 2 / _cAntonina Kopta, Barbara Łuszczki. |
| 250 | _aWyd. 4. | ||
| 260 |
_aWarszawa : _bWydawnictwa Szkolne i Pedagogiczne, _c1999. |
||
| 300 |
_a273, [2] s. : _bfot., rys. ; _c21 cm. |
||
| 336 |
_aTekst _btxt _2rdacontent |
||
| 337 |
_aBez urządzenia pośredniczącego _bn _2rdamedia |
||
| 338 |
_aWolumin _bnc _2rdacarrier |
||
| 380 | _aKsiążki | ||
| 388 | _a1901-2000 | ||
| 388 | _a1989-2000 | ||
| 504 | _aBibliogr. s. [275]. | ||
| 650 | 7 |
_aTechnologia żywności _2DBN |
|
| 650 | 7 | _aTowaroznawstwo | |
| 650 | 7 |
_aŻywność _2DBN |
|
| 655 | 7 |
_aPodręczniki dla szkół zawodowych _2DBN |
|
| 658 | _aRolnictwo i leśnictwo | ||
| 700 | 1 |
_aŁuszczki, Barbara _eAutor |
|
| 710 | 2 |
_aWydawnictwa Szkolne i Pedagogiczne _4pbl |
|
| 856 |
_uhttp://koha.tu.koszalin.pl/cgi-bin/koha/opac-detail.pl?biblionumber=45858 _yKatalog online BPK |
||
| 942 |
_2UKD _cKS |
||
| 999 |
_c45858 _d45858 |
||